| 000 | 00458nam a2200157 a 4500 | ||
|---|---|---|---|
| 005 | 20140311163038.0 | ||
| 008 | 111116s19uu xx 00 eng d | ||
| 050 |
_aLB 1139.23 _b.F714 2008 |
||
| 245 |
_a2020 forecast : _bcreating the future of learning / |
||
| 260 |
_as.l : _bKnowledgeworks, _c2008. |
||
| 300 |
_a(various pagings) : _bcol. ill. ; _c26 cm. |
||
| 521 | _aEDU | ||
| 650 | _aEducational innovations | ||
| 942 |
_cBK _2lcc _kFOR |
||
| 999 |
_c39705 _d39705 |
||